Cartilla 2016. ICA Bogot.̀ Actualizada

Bibliographic Details
Main Author: Parra Ortiz, Harold Ferney
Format: Book
Language:Spanish
Published: Colombia Editorial Nueva Legislacin̤ 2016
Subjects:
Online Access:Acceso restringido

MARC

LEADER 00000nam a22000007a 4500
005 20160613102159.0
007 cr|||| ||
008 160613s2016 ck ||||| |||| 00||0 spa d
020 |a 978-958-59217-7-1 
035 |a 14287 
040 |a vLex 
090 |c 6169  |d 6169 
100 1 |a Parra Ortiz, Harold Ferney 
245 1 0 |a Cartilla 2016. ICA Bogot.̀ Actualizada  |h [Recurso electrn̤ico] /  |c Harold Ferney Parra Ortiz  
256 |a Servicio en ln̕ea  
260 |a Colombia  |b Editorial Nueva Legislacin̤  |c 2016 
300 |a 1 recurso electrn̤ico (252 pg̀inas) 
506 1 |a Contenido solo disponible en los productos indicados  |d vLex Global  |d vLex Global (Academic Edition, excluding Law Schools)  |d vLex Global (U.S. Academic Edition, Law Schools)  |d vLex Global (U.S. Academic Edition, excluding Law Schools)  |d vLex Global (Academic Edition, Law Schools) 
650 0 4 |a Derecho  |z Colombia 
740 0 |a vLex libros (servicio en ln̕ea)  
856 4 0 |u http://vlex.com/source/cartilla-2016-ica-bogota-actualizada-14287  |z Acceso restringido 
942 |c BOOK 
999 0 |a Law  |b Colombia